| 000 | 00594nam a22002177a 4500 | ||
|---|---|---|---|
| 003 | OSt | ||
| 005 | 20260302164350.0 | ||
| 008 | 260302b ||||| |||| 00| 0 spa d | ||
| 020 | _a9788497869096 | ||
| 040 | _cCO-Mq BPB | ||
| 041 | _aspa | ||
| 082 |
_aC _bJOYp |
||
| 100 |
_aJoyce, Melanie, _eautor |
||
| 245 | _aMis Primeros días de Colegio | ||
| 264 |
_aMadrid, España; _bEdimat Libros, _c2019 |
||
| 300 |
_a48 páginas; _bTapa dura, ilustraciones a color _c23 cm |
||
| 650 | _aFicción infantil | ||
| 650 | _aCuentos infantiles | ||
| 650 | _aLibros ilustrados | ||
| 942 |
_2ddc _cBKINF |
||
| 999 |
_c16146 _d16146 |
||